Most wins of the Champions League 2000 to now,2026 - Statistics

General Stats
  • This quiz has been taken 22 times
  • The average score is 23 of 26
Answer Stats
Year Team % Correct
2015 Barcelona
100%
2011 Barcelona
100%
2009 Barcelona
100%
2020 Bayern Munich
100%
2013 Bayern Munich
100%
2001 Bayern Munich
100%
2025 Paris Saint-Germain
100%
2023 Manchester City
94%
2008 Manchester United
94%
2024 Real Madrid
94%
2018 Real Madrid
94%
2017 Real Madrid
94%
2016 Real Madrid
94%
2014 Real Madrid
94%
2002 Real Madrid
94%
2000 Real Madrid
94%
2007 AC Milan
88%
2003 AC Milan
88%
2021 Chelsea
88%
2012 Chelsea
88%
2010 Inter Milan
88%
2019 Liverpool
88%
2005 Liverpool
88%
2004 FC Porto
71%
2006 Barcalona
35%
2022 Real Madrid
35%
No matching quizzes found
Score Distribution
Percent of People with Each Score
Percentile by Number Answered
Your Score History
You have not taken this quiz